ARRUPE JESUIT UNIVERSITY

CORONAVIRUS -STOP THE SPREAD - CLEAN,DISINFECT,COVER

The blood and the blues: (Record no. 122068)

MARC details
000 -LEADER
fixed length control field 00558nam a22001577a 4500
005 - DATE AND TIME OF LATEST TRANSACTION
control field 20150312175316.0
008 - FIXED-LENGTH DATA ELEMENTS--GENERAL INFORMATION
fixed length control field 150217b xxu||||| |||| 00| 0 eng d
050 ## - LIBRARY OF CONGRESS CALL NUMBER
Classification number E450.
Item number S645 2009
100 ## - MAIN ENTRY--PERSONAL NAME
Personal name Smith, Danny
9 (RLIN) 15196
245 ## - TITLE STATEMENT
Title The blood and the blues:
Statement of responsibility, etc Smith, Danny
Remainder of title Daring Escapes, Dangerous Songs: The Legacy of Slavery's Underground Railroad
260 ## - PUBLICATION, DISTRIBUTION, ETC. (IMPRINT)
Place of publication, distribution, etc Milton Keynes
Name of publisher, distributor, etc Authentic
Date of publication, distribution, etc 2009
300 ## - PHYSICAL DESCRIPTION
Extent xiv, 215p.;
Dimensions 20cm.
651 ## - SUBJECT ADDED ENTRY--GEOGRAPHIC NAME
Geographic name United States
Form subdivision slaves, fugitives
General subdivision songs
9 (RLIN) 15197
700 ## - ADDED ENTRY--PERSONAL NAME
Personal name Hampson, Bill
9 (RLIN) 15198
942 ## - ADDED ENTRY ELEMENTS (KOHA)
Source of classification or shelving scheme Library of Congress Classification
Item type Monograph ( Printed materials)
Holdings
Withdrawn status Lost status Source of classification or shelving scheme Damaged status Not for loan Collection code Home library Current library Shelving location Date acquired Total Checkouts Full call number Barcode Date last seen Price effective from Koha item type
    Library of Congress Classification     Main Collection ARRUPE LIBRARY ARRUPE LIBRARY Main Collection 17/02/2015   E450. S645 2009 46500001042 13/12/2017 17/02/2015 Monograph ( Printed materials)

 

Arrupe Library. PO Box MP320 Mt Pleasant, Harare, Zimbabwe
263 242 745411|librarian@aju.ac.zw